000 01002cab a2200265 4500
001 ABS59849
008 090401t1998 xxu||||| |||| 00| 0 eng d
035 _a(Sirsi) u90398
041 _aeng
100 _aBowen, Paul
245 _aRisk and risk management in construction: towards more appropriate research techniques
260 _c1998
350 _a0
490 _aJournal of Construction Procurement
_v4(2) November 1998, 103-115(13)
520 _aReview examining the nature and findings of sixteen survey based research publications dealing with construction and project risk and risk management practices. Identifies weaknesses, and explores the use of more appropriate methods.
650 _aBUILDING PROCUREMENT
650 _aCONSTRUCTION MANAGEMENT
_96230
650 _aMANAGEMENT-PROJECT MANAGEMENT
650 _aRISK MANAGEMENT
650 _aSOFT SYSTEMS RESEARCH
690 _aProject management
_96261
700 _aEdwards,P.J,
942 _n0
948 _c21/12/1998
999 _c57312
_d57312